Plant Anatomy & Microtechniques/ (Record no. 209600)

MARC details
000 -LEADER
fixed length control field 00583nam a22001817a 4500
005 - DATE AND TIME OF LATEST TRANSACTION
control field 20250220163127.0
010 ## - LCCN (DPL NO)
LC control number ENG-143214
020 ## - INTERNATIONAL STANDARD BOOK NUMBER
Terms of availability 12000
International Standard Book Number 97881899941253
035 ## - SYSTEM CONTROL NUMBER
System control number EN-126746
037 ## - SOURCE OF ACQUISITION
Source of stock number/acquisition DBAD
082 ## - DEWEY DECIMAL CLASSIFICATION NUMBER
Classification number 581.4
100 ## - MAIN ENTRY--PERSONAL NAME
Personal name Ragland, Annie
245 ## - TITLE STATEMENT
Title Plant Anatomy & Microtechniques/
Statement of responsibility, etc by Annie Ragland
260 ## - PUBLICATION, DISTRIBUTION, ETC. (IMPRINT)
Name of publisher, distributor, etc Saras Publication
Date of publication, distribution, etc 2013
Place of publication, distribution, etc KanyaKumari
270 ## - ADDRESS
City KanyaKumari
Postal code 629002
Address 114/35G, A. R. P. Camp Road, Periavilai, Kottar P. O., Nagercoil
300 ## - PHYSICAL DESCRIPTION
Extent 324p. :
Dimensions 22cm(pb)
Other physical details ill
942 ## - ADDED ENTRY ELEMENTS (KOHA)
Source of classification or shelving scheme Dewey Decimal Classification
Item type English Books
Call number suffix RAG
Classification part 581.4

No items available.


© Delhi Public Library
Hit Counter
free hit counter